[Event "5th Cesme Open 2017"]
[Site "Cesme TUR"]
[Date "2017.06.17"]
[Round "8.11"]
[White "Eminov,O"]
[Black "Drazic,S"]
[Result "0-1"]
[WhiteElo "2290"]
[BlackElo "2426"]

1.e4 Nc6 2.Nc3 a6 3.a4 e6 4.d4 d5 5.Nf3 Nf6 6.Bg5 Be7 7.e5 Ne4 8.Be3 Bb4 9.Qd3
f5 10.Nd2 O-O 11.f3 f4 12.fxe4 fxe3 13.Nf3 Nxd4 14.Nxd4 c5 15.Nf3 d4 16.O-O-O
Qa5 17.Nb1 Bd7 18.Qb3 Kh8 19.Be2 h6 20.Rhf1 Kh7 21.g4 Rae8 22.Nxd4 Rxf1
23.Bxf1 Bxa4 24.Qxe3 cxd4 25.Qf2 Rc8 26.Bd3 Bb3 27.g5 Qa1 28.g6+ Kh8 29.Qxd4
Be7 30.Kd2 Bxc2 31.Bxc2 Rd8 32.Qxd8+ Bxd8 33.Rf1 Kg8 34.Rf7 Qxb2 35.Kd1 Qxe5
36.Rxb7 Qh5+ 37.Kc1 Qxg6 38.Nc3 Qg1+ {#R} 0-1

[Event "5th Cesme Open 2017"]
[Site "Cesme TUR"]
[Date "2017.06.17"]
[Round "8.16"]
[White "Lomsadze,D"]
[Black "Grigoriev,A"]
[Result "0-1"]
[WhiteElo "2341"]
[BlackElo "2105"]

1.g3 Nf6 2.Bg2 g6 3.Nf3 Bg7 4.O-O O-O 5.d4 d6 6.c4 Nbd7 7.Nc3 e5 8.e3 c6 9.b3
Re8 10.a4 a5 11.Ba3 Bf8 12.dxe5 dxe5 13.Bxf8 Kxf8 14.Qc2 Nc5 15.Ng5 Bf5 16.e4
Bd7 17.Rad1 Qe7 18.f4 Bg4 19.Rd2 h6 20.fxe5 Qxe5 21.Rxf6 Qxg5 22.Rdf2 Re7
23.h3 Be6 24.Nd5 cxd5 25.cxd5 Nxe4 26.Qxe4 Bf5 27.Qh4 Qxh4 28.gxh4 Ra6 29.Rxa6
bxa6 30.Rd2 Re3 31.d6 Ke8 32.Bd5 Rg3+ 33.Kf2 Rxh3 34.Bc4 Rxh4 35.Kg3 Rg4+
36.Kf3 h5 37.Bxa6 Be6 38.Bb5+ Kd8 39.d7 Bxb3 40.Re2 Bd1 {#R} 0-1

[Event "5th Cesme Open 2017"]
[Site "Cesme TUR"]
[Date "2017.06.17"]
[Round "8.17"]
[White "Bilyap,E"]
[Black "Gokerkan,Cem Kaan"]
[Result "1-0"]
[WhiteElo "2017"]
[BlackElo "2333"]

1.d4 Nf6 2.Bf4 g6 3.Nf3 Bg7 4.e3 O-O 5.Be2 d6 6.h3 Nc6 7.O-O Nd7 8.c3 e5 9.Bh2
f5 10.dxe5 dxe5 11.Nbd2 Kh8 12.Nc4 Qe7 13.Qc2 g5 14.Rad1 Nb6 15.a4 f4 16.Nxb6
axb6 17.Bd3 h5 18.exf4 exf4 19.Rfe1 Qf6 20.Qe2 Qh6 21.h4 g4 22.Ng5 Rxa4 23.Qe8
Kg8 24.Bc2 Rc4 25.Bb3 b5 26.Bxc4+ bxc4 27.Qe4 Be5 28.Qd5+ Kg7 29.Rxe5 Nxe5
30.Qxe5+ Qf6 31.Bxf4 {#r} 1-0

[Event "5th Cesme Open 2017"]
[Site "Cesme TUR"]
[Date "2017.06.18"]
[Round "9.3"]
[White "Gleizerov,E"]
[Black "Benidze,D"]
[Result "1-0"]
[WhiteElo "2507"]
[BlackElo "2525"]

1.d4 Nf6 2.c4 c5 3.d5 e6 4.Nc3 exd5 5.cxd5 d6 6.Nf3 g6 7.g3 Bg7 8.Bg2 O-O
9.O-O Re8 10.Re1 Bg4 11.Nd2 Qd7 12.a4 Bh3 13.Nc4 Bxg2 14.Kxg2 Na6 15.Bf4 Ne4
16.Nb5 Be5 17.Bh6 Nxf2 18.Kxf2 Qh3 19.Nxe5 dxe5 20.Kg1 Qxh6 21.e4 Rad8 22.Nxa7
Qg5 23.Nb5 f5 24.d6 Kh8 25.Qf3 f4 26.Rad1 fxg3 27.Qxg3 Qxg3+ 28.hxg3 Rd7
29.Na3 Nb4 30.Rf1 Re6 31.Nc4 Kg7 32.a5 h5 33.Kh2 Rd8 34.Kh3 Rd7 35.Kh4 Kh6
36.Rf8 Kg7 37.Rc8 Na6 38.Kg5 {#r} 1-0

[Event "5th Cesme Open 2017"]
[Site "Cesme TUR"]
[Date "2017.06.18"]
[Round "9.4"]
[White "Ulibin,M"]
[Black "Shanava,K"]
[Result "0-1"]
[WhiteElo "2499"]
[BlackElo "2516"]

1.d4 Nf6 2.c4 g6 3.Nc3 d5 4.cxd5 Nxd5 5.Bd2 Bg7 6.e4 Nb6 7.Be3 O-O 8.h3 Nc6
9.Nf3 f5 10.exf5 gxf5 11.Qb3+ e6 12.Rd1 f4 13.Bc1 Kh8 14.a4 Qe7 15.Be2 e5
16.dxe5 Be6 17.Qa3 Qxa3 18.bxa3 Bb3 19.Rd2 Nxe5 20.Nxe5 Bxe5 21.Bb2 Rad8 22.a5
Nc4 23.Bxc4 Bxc4 24.Ne4 Bxb2 25.Rxb2 f3 26.gxf3 Rxf3 27.Rb4 Ba6 28.Nc5 Re8+
29.Kd2 Rxf2+ 30.Kc1 Bf1 31.Ne4 Rf3 32.Kd2 c5 33.Nxc5 Re2+ 34.Kd1 Ra2 35.Rxb7
Be2+ 36.Kc1 Rc3+ 37.Kb1 Rcxa3 38.Rb8+ Kg7 39.Rg1+ Kh6 40.Rb4 Bh5 41.Rh4 Rxa5
42.Nb3 Ra6 43.Rg8 Rf2 44.Nd4 Raf6 45.Re4 Bg6 46.Rxg6+ hxg6 47.Ne2 Rh2 48.h4
Rf1+ 49.Kc2 Rff2 {#R} 0-1

[Event "5th Cesme Open 2017"]
[Site "Cesme TUR"]
[Date "2017.06.18"]
[Round "9.5"]
[White "Rasulov,Vu"]
[Black "Maghalashvili,Da"]
[Result "1-0"]
[WhiteElo "2508"]
[BlackElo "2490"]

1.e4 c5 2.Nf3 d6 3.d4 cxd4 4.Nxd4 Nf6 5.Nc3 a6 6.Bg5 e6 7.f4 Nc6 8.Nxc6 bxc6
9.e5 h6 10.Bh4 g5 11.fxg5 Nd5 12.Ne4 Qb6 13.Bd3 hxg5 14.Bxg5 Rxh2 15.Rxh2 Qg1+
16.Bf1 Qxh2 17.Qxd5 cxd5 18.Nf6+ Kd8 19.Ng4+ Kd7 20.Nxh2 dxe5 21.Bf6 Bd6
22.Ng4 {#r} 1-0

[Event "5th Cesme Open 2017"]
[Site "Cesme TUR"]
[Date "2017.06.18"]
[Round "9.7"]
[White "Rzayev,B"]
[Black "Baklan,V"]
[Result "0-1"]
[WhiteElo "2392"]
[BlackElo "2604"]

1.e4 c5 2.Nf3 d6 3.Bb5+ Nd7 4.O-O a6 5.Bd3 Ngf6 6.c3 e6 7.Bc2 b5 8.d4 Be7
9.Re1 Bb7 10.e5 dxe5 11.dxe5 Nd5 12.Nbd2 Qc7 13.Ne4 h6 14.a4 Rd8 15.axb5 axb5
16.Qe2 c4 17.Ng3 Nc5 18.Nd4 Qb6 19.Ne4 g6 20.Bd2 Nxe4 21.Bxe4 Bc5 22.Rad1 Ne7
23.Bxb7 Qxb7 24.Be3 Bxd4 25.Rxd4 Rxd4 26.Bxd4 O-O 27.Bc5 Rd8 28.Bxe7 Qxe7
29.Rd1 Rxd1+ 30.Qxd1 Qg5 31.Qe1 Qf5 32.g3 Qc2 33.Qa1 Qe4 34.Qc1 Qxe5 35.Qxh6
Qe1+ 36.Kg2 Qe4+ 37.Kh3 Qe2 38.Qg5 Qf1+ 39.Kg4 Qxf2 40.Qxb5 Qxh2 41.Qxc4 Qxb2
42.Qc8+ Kg7 43.c4 Qf2 44.Kh3 Qf3 45.Qc7 Qh1+ 46.Kg4 Qe4+ 47.Kh3 {#R} 0-1

[Event "5th Cesme Open 2017"]
[Site "Cesme TUR"]
[Date "2017.06.18"]
[Round "9.10"]
[White "Grigoriev,A"]
[Black "Arat,Uf"]
[Result "0-1"]
[WhiteElo "2105"]
[BlackElo "2398"]

1.c4 e5 2.Nf3 Nc6 3.d4 e4 4.Nfd2 Nxd4 5.Nxe4 Ne6 6.Nbc3 g6 7.e3 Bg7 8.Bd2 d6
9.Be2 f5 10.Ng3 Nf6 11.Rc1 h5 12.h3 O-O 13.Qc2 a5 14.Rd1 c6 15.Bc1 Nc5 16.Bd3
Nfd7 17.Na4 Ne6 18.O-O Ne5 19.b3 f4 20.exf4 Nd4 21.Qb1 Nef3+ 22.gxf3 Bxh3
23.Be4 h4 24.Rfe1 hxg3 25.fxg3 d5 26.Kh2 dxe4 27.Kxh3 exf3 28.g4 Kf7 29.Kg3
Rh8 30.Rh1 Bf6 31.g5 Bg7 32.Be3 Rxh1 33.Rxh1 Nf5+ 34.Kxf3 Nxe3 35.Kxe3 Qd4+
36.Kf3 Re8 37.Re1 Rh8 38.Qe4 Qd7 39.f5 gxf5 40.Qe2 f4 41.g6+ Kf8 42.Ke4 Rh3
43.Nc5 {#R} 0-1

[Event "5th Cesme Open 2017"]
[Site "Cesme TUR"]
[Date "2017.06.18"]
[Round "9.11"]
[White "Rahmanov,S"]
[Black "Bilyap,E"]
[Result "1-0"]
[WhiteElo "2353"]
[BlackElo "2017"]

1.Nf3 d6 2.d4 Bg4 3.Nbd2 Nf6 4.h3 Bxf3 5.Nxf3 e6 6.Qd3 c6 7.e4 d5 8.Nd2 Be7
9.Be2 dxe4 10.Nxe4 Nbd7 11.O-O O-O 12.Ng3 c5 13.dxc5 Nxc5 14.Qf3 Qb6 15.Rb1
Rac8 16.Be3 Qc6 17.Qxc6 Rxc6 18.Bf3 Rc7 19.Rfd1 b6 20.Bf4 Rcc8 21.Ne2 Rfd8
22.Nd4 Nd5 23.Bg3 Bf6 24.Nb5 {#r} 1-0

[Event "5th Cesme Open 2017"]
[Site "Cesme TUR"]
[Date "2017.06.18"]
[Round "9.13"]
[White "Khamrakulov,D"]
[Black "Uzunoglu,E"]
[Result "1-0"]
[WhiteElo "2478"]
[BlackElo "2060"]

1.e4 c5 2.c3 Nf6 3.e5 Nd5 4.d4 cxd4 5.cxd4 e6 6.Nf3 d6 7.a3 Bd7 8.Bd3 Bc6
9.O-O Nd7 10.b4 a6 11.Re1 Be7 12.Nbd2 Qc7 13.Bb2 Nf4 14.Bf1 dxe5 15.dxe5 O-O
16.Rc1 Rfd8 17.g3 Ng6 18.h4 Rac8 19.h5 Ngf8 20.Nd4 Nb8 21.Qg4 Qd7 22.Nc4 Rc7
23.Nb6 Qe8 24.b5 axb5 25.Nxb5 Bxb5 26.Rxc7 Bxf1 27.Rxf1 Qb5 28.Rxe7 Nc6
29.Rxb7 Qa6 30.Rxf7 Kxf7 31.Qf3+ Kg8 32.Qxc6 {#r} 1-0

[Event "9th Rheinland-Pfalz Open 2017"]
[Site "Lambsheim GER"]
[Date "2017.06.16"]
[Round "3.3"]
[White "Mueller,Marku1"]
[Black "Chernov,Va"]
[Result "0-1"]
[WhiteElo "2144"]
[BlackElo "2417"]

1.Nf3 Nf6 2.d4 e6 3.c4 Nc6 4.g3 Bb4+ 5.Nbd2 O-O 6.Bg2 d6 7.a3 Bxd2+ 8.Bxd2 a5
9.b4 axb4 10.axb4 Rxa1 11.Qxa1 Ne4 12.Qb2 Nxd2 13.Qxd2 Qe7 14.b5 Nb8 15.Qa5 e5
16.dxe5 dxe5 17.Nd2 b6 18.Qa7 Be6 19.O-O Qb4 20.Rd1 Bxc4 21.Nxc4 Qxc4 22.Rd5
e4 23.Re5 Nd7 24.Re7 Nf6 25.Rxc7 Qxe2 26.Bf1 Qd1 27.Kg2 e3 28.fxe3 Nd5 {#R}
0-1

[Event "9th Rheinland-Pfalz Open 2017"]
[Site "Lambsheim GER"]
[Date "2017.06.16"]
[Round "3.4"]
[White "Heider,M"]
[Black "Barthel,A"]
[Result "1-0"]
[WhiteElo "2360"]
[BlackElo "2145"]

1.d4 d6 2.Nf3 Nf6 3.c4 g6 4.Nc3 Bg7 5.e4 O-O 6.Be2 Bg4 7.Be3 Nfd7 8.Rc1 e5
9.d5 a5 10.h4 Na6 11.g3 Qe8 12.h5 Bxh5 13.Rxh5 gxh5 14.Nh4 f5 15.Bxh5 Qe7
16.Nxf5 Rxf5 17.exf5 e4 18.Be2 Nac5 19.Kf1 Rf8 20.Kg2 Rxf5 21.Qc2 Rf8 22.Rh1
Nf6 23.Rh4 Re8 24.Nb5 c6 25.Nd4 Qd7 26.g4 Nd3 27.Bxd3 exd3 28.Qxd3 cxd5
29.cxd5 Bh8 30.Nf5 Re5 31.Bd4 Rxd5 32.Qe3 Rxf5 33.gxf5 Qxf5 34.Qf3 Qg5+ 35.Qg3
{#r} 1-0

[Event "9th Rheinland-Pfalz Open 2017"]
[Site "Lambsheim GER"]
[Date "2017.06.16"]
[Round "3.6"]
[White "Lang,To"]
[Black "Martin,Mik"]
[Result "1-0"]
[WhiteElo "2330"]
[BlackElo "2116"]

1.d4 f5 2.Bg5 g6 3.Nc3 d5 4.h4 Bg7 5.Qd2 c6 6.O-O-O Be6 7.f3 Qa5 8.e4 dxe4
9.fxe4 fxe4 10.a3 Nd7 11.Nxe4 Qb6 12.Nf3 O-O-O 13.Bf4 Ngf6 14.Neg5 Bg8 15.Bd3
Nd5 16.Bg3 Nc5 17.Rhe1 h6 18.Ne4 Nd7 19.c4 Nc7 20.Nc3 Qb3 21.Qe2 g5 22.Qxe7
Bf8 23.Qe2 Bxa3 24.Qc2 Qxc2+ 25.Kxc2 Bf8 26.Ne5 Na6 27.Kc1 gxh4 28.Bxh4 Nxe5
29.Rxe5 Bg7 30.Bf5+ Rd7 31.Re7 {#r} 1-0

[Event "9th Rheinland-Pfalz Open 2017"]
[Site "Lambsheim GER"]
[Date "2017.06.16"]
[Round "3.7"]
[White "Busch,L"]
[Black "Bomans,A"]
[Result "0-1"]
[WhiteElo "2105"]
[BlackElo "2269"]

1.e4 c5 2.Nf3 d6 3.c4 Bg4 4.Be2 Nc6 5.h3 Bxf3 6.Bxf3 g6 7.Nc3 Bg7 8.O-O e6
9.d3 Nge7 10.Be3 O-O 11.Qd2 Nd4 12.Ne2 Nxf3+ 13.gxf3 Nc6 14.Kg2 Rc8 15.Bh6 e5
16.h4 f5 17.Bg5 Bf6 18.Bxf6 Qxf6 19.Qg5 fxe4 20.Qxf6 Rxf6 21.fxe4 Nb4 22.Rad1
Nxa2 23.Ra1 Nb4 24.Rxa7 Nxd3 25.Rxb7 Rcf8 26.f3 Rxf3 27.Rxf3 Ne1+ 28.Kg3 Rxf3+
29.Kg4 h5+ 30.Kg5 Rf7 31.Rb3 Kg7 32.Ng1 Kh7 33.Rb6 Nd3 34.Rxd6 Nf2 35.Rxg6
Nxe4+ 36.Kxh5 Rf5+ 37.Rg5 Nf6# 0-1

[Event "9th Rheinland-Pfalz Open 2017"]
[Site "Lambsheim GER"]
[Date "2017.06.16"]
[Round "3.9"]
[White "Murariu,N"]
[Black "Commercon,S"]
[Result "0-1"]
[WhiteElo "2078"]
[BlackElo "2253"]

1.d4 Nf6 2.Nf3 g6 3.Nc3 d5 4.Bf4 c6 5.e3 Nh5 6.Bg5 h6 7.Bh4 g5 8.Ne5 Nf6 9.Bg3
Qb6 10.Nd3 Bf5 11.Rb1 Nbd7 12.f3 Bg7 13.b4 O-O 14.Ne5 Qd8 15.Bd3 Bxd3 16.Qxd3
Nh5 17.Nxd7 Qxd7 18.Ne2 f5 19.Be5 Qe6 20.f4 Nf6 21.fxg5 hxg5 22.h4 Ng4 23.hxg5
Bxe5 24.dxe5 Qxe5 25.Qd4 Qxe3 26.Rb3 Qxd4 27.Nxd4 Kf7 28.Rbh3 Kg6 29.Ne6 f4
30.Rh7 Rf7 31.Rxf7 Kxf7 32.Nxf4 e5 33.Rh7+ Kg8 34.Rh4 Ne3 35.Ke2 exf4 36.Rxf4
Nxc2 37.Kd2 Na3 38.Rf3 Nc4+ 39.Kc3 Kg7 40.a4 Re8 41.a5 Re4 42.Rf6 a6 43.Kd3
Ne5+ {#R} 0-1

[Event "9th Rheinland-Pfalz Open 2017"]
[Site "Lambsheim GER"]
[Date "2017.06.16"]
[Round "3.10"]
[White "Syrov,Arkadi"]
[Black "Roelle,Philipp"]
[Result "1-0"]
[WhiteElo "2238"]
[BlackElo "2062"]

1.Nf3 Nf6 2.c4 d6 3.d4 Nbd7 4.Nc3 e5 5.e4 Be7 6.g4 Nxg4 7.Rg1 exd4 8.Nxd4 Nde5
9.h3 Nf6 10.f4 Ng6 11.f5 Ne5 12.Rxg7 c5 13.Nf3 Nh5 14.Rg1 Bh4+ 15.Kd2 Ng3
16.Kc2 Nxf5 17.exf5 Bxf5+ 18.Kb3 Qb6+ 19.Nb5 Be7 20.a4 O-O-O 21.a5 Qa6 22.Nxe5
dxe5 23.Qf3 Be6 24.Kc2 f5 25.Bg5 Rhe8 26.Bxe7 Rxe7 27.Qe3 Red7 28.Qxc5+ Kb8
29.Qxe5+ Kc8 30.Rg7 Rxg7 31.Qxg7 Bd7 32.Qe5 Bxb5 33.cxb5 Qh6 34.Rc1 Qd2+
35.Kb1+ {#r} 1-0

[Event "9th Rheinland-Pfalz Open 2017"]
[Site "Lambsheim GER"]
[Date "2017.06.16"]
[Round "3.13"]
[White "Dorst,J"]
[Black "Tresch,Lukas"]
[Result "1-0"]
[WhiteElo "2184"]
[BlackElo "2032"]

1.e4 c5 2.Nf3 d6 3.d4 cxd4 4.Nxd4 Nf6 5.Nc3 Nc6 6.Bg5 e6 7.Qd3 a6 8.O-O-O h6
9.Nxc6 bxc6 10.Bf4 d5 11.Qe3 Qa5 12.Be2 Bb4 13.exd5 cxd5 14.Be5 Bb7 15.a3 Bxc3
16.Bxc3 Qa4 17.Qg3 O-O-O 18.Qxg7 Ne4 19.Qd4 Nxc3 20.Qxc3+ Kb8 21.Rd4 Qd7
22.Rb4 Ka8 23.Rd1 Rc8 24.Qb3 Rc7 25.Rb6 Rc6 26.Rd4 Rhc8 27.Rdb4 Rxb6 28.Rxb6
Rc6 29.Qb4 Ka7 30.Rxc6 Qxc6 31.Qd4+ Qb6 32.Qf6 Qa5 33.Qxf7 Qe1+ 34.Bd1 Qe5
35.g3 Qe1 36.Qf4 Ka8 37.Qf8+ Ka7 38.Qc5+ Ka8 39.Qe3 Qxe3+ 40.fxe3 Kb8 41.Kd2
Kc7 42.Kc3 Kd6 43.Kb4 Ke5 44.Bf3 Bc8 45.Kc5 {#r} 1-0

[Event "9th Rheinland-Pfalz Open 2017"]
[Site "Lambsheim GER"]
[Date "2017.06.16"]
[Round "4.3"]
[White "Chernov,Va"]
[Black "Syrov,Arkadi"]
[Result "1-0"]
[WhiteElo "2417"]
[BlackElo "2238"]

1.e4 e5 2.Nf3 Nc6 3.Bb5 f5 4.Nc3 fxe4 5.Nxe4 Nf6 6.Qe2 d5 7.Nxf6+ gxf6 8.d4 e4
9.Nh4 Be6 10.Bxc6+ bxc6 11.O-O Bd6 12.f3 f5 13.g3 Kd7 14.fxe4 fxe4 15.Bf4 Qf6
16.c3 Rhg8 17.Bxd6 Qxh4 18.Be5 Qg5 19.Rf4 Raf8 20.Raf1 Bg4 21.Qa6 Bf3 22.Qxa7
Rc8 23.Rf7+ Ke8 24.Bf4 Kxf7 25.Bxg5 Rxg5 26.Qb7 Re8 27.Qxc7+ Re7 28.Qf4+ Kg6
29.Qd6+ Kf7 30.Qxc6 Rf5 31.g4 Rg5 32.h3 Kg7 33.Kf2 h5 34.Ke3 hxg4 35.hxg4 Rxg4
36.Qxd5 Rg2 37.Qd6 Re2+ 38.Kf4 Rf7+ 39.Ke5 Rg2 40.d5 e3 41.Kd4 e2 42.Qe5+ Kg8
43.Qe8+ Kg7 44.Qxf7+ Kxf7 45.Rxf3+ {#r} 1-0

[Event "9th Rheinland-Pfalz Open 2017"]
[Site "Lambsheim GER"]
[Date "2017.06.16"]
[Round "4.10"]
[White "Trifan,Andrei Ioan"]
[Black "Kathstede,G"]
[Result "1-0"]
[WhiteElo "2176"]
[BlackElo "2040"]

1.e4 c5 2.Nf3 g6 3.d4 cxd4 4.Nxd4 Nc6 5.c4 Nf6 6.Nc3 d6 7.Be2 Bg7 8.Be3 Nxd4
9.Bxd4 O-O 10.O-O Be6 11.Rc1 Qd7 12.Qd2 Rfc8 13.b3 b6 14.f3 Qb7 15.Rfd1 Rab8
16.Bf1 h5 17.Be3 Kh7 18.Re1 Bd7 19.Bg5 Re8 20.Rcd1 Rbd8 21.Re3 Qc7 22.e5 Ng8
23.Nd5 Qc5 24.b4 Qc6 25.exd6 Be6 26.Rd3 f6 27.dxe7 Rc8 28.Bf4 Nxe7 29.Nc7 Rxc7
30.Rd6 Qa4 31.Rxe6 Rcc8 32.Qd7 Qxd7 33.Rxd7 Nc6 34.Rxe8 Rxe8 35.b5 Ne5 36.Rxa7
f5 37.h4 Kg8 38.c5 bxc5 39.b6 c4 40.b7 Nxf3+ 41.Kh1 {#r} 1-0

[Event "9th Rheinland-Pfalz Open 2017"]
[Site "Lambsheim GER"]
[Date "2017.06.16"]
[Round "4.11"]
[White "Syed,T"]
[Black "Goossens,H"]
[Result "0-1"]
[WhiteElo "2047"]
[BlackElo "2149"]

1.d3 d6 2.g3 g6 3.Bg2 Bg7 4.c4 f5 5.Nc3 e5 6.Rb1 Nf6 7.b4 O-O 8.Nh3 Nh5 9.Bg5
Qd7 10.Bd2 f4 11.Ng5 Qe7 12.Nge4 Nc6 13.Nd5 Qd8 14.e3 fxe3 15.fxe3 Be6 16.Rf1
Qd7 17.Ng5 Bg4 18.Bf3 Bxf3 19.Nxf3 e4 20.b5 Ne5 21.Nxe5 Bxe5 22.Nf4 exd3
23.Qf3 c6 24.Qe4 Rae8 25.bxc6 bxc6 26.Nxh5 Bxg3+ 27.Nxg3 Rxf1+ 28.Kxf1 Rxe4
29.Nxe4 Qh3+ 30.Kg1 Qg4+ 31.Ng3 h5 32.Rb8+ Kf7 33.Rb7+ Ke6 34.Kf2 h4 35.Nf1
Qe2+ {#R} 0-1

[Event "9th Rheinland-Pfalz Open 2017"]
[Site "Lambsheim GER"]
[Date "2017.06.16"]
[Round "4.12"]
[White "Kraemer,Enrico"]
[Black "Musiolik,David"]
[Result "1-0"]
[WhiteElo "2175"]
[BlackElo "2002"]

1.d4 d5 2.c4 e6 3.Nc3 Be7 4.Nf3 Nf6 5.Bg5 h6 6.Bh4 O-O 7.e3 b6 8.cxd5 exd5
9.Bd3 Bb7 10.O-O Ne4 11.Bxe7 Qxe7 12.Rc1 c5 13.Ne2 Nd7 14.dxc5 bxc5 15.Qa4
Ndf6 16.Bxe4 Nxe4 17.Ng3 f5 18.Qb5 Rac8 19.Rfe1 Rc6 20.b3 Re6 21.Qd3 f4
22.exf4 Rxf4 23.Ne2 Rf8 24.Ng3 Kh8 25.a3 d4 26.b4 Bc6 27.b5 Bb7 28.Qc4 Ng5
29.Rxe6 Nxe6 30.Re1 Re8 31.Ne5 Nf4 32.Ng6+ Nxg6 33.Rxe7 Rxe7 34.f3 Rc7 35.Nf5
Nf4 36.Nxd4 Bd5 37.Qc2 c4 38.Qf5 Rf7 39.Qe5 Rf8 40.g3 Nh3+ 41.Kg2 Ng5 {#r} 1-0

[Event "9th Rheinland-Pfalz Open 2017"]
[Site "Lambsheim GER"]
[Date "2017.06.17"]
[Round "5.3"]
[White "Goossens,H"]
[Black "Commercon,S"]
[Result "1-0"]
[WhiteElo "2149"]
[BlackElo "2253"]

1.e4 e5 2.Nf3 Nc6 3.Bc4 Nf6 4.d3 Be7 5.O-O O-O 6.Re1 d6 7.a4 Na5 8.Ba2 c5 9.c3
Nc6 10.Na3 h6 11.h3 Nh7 12.Bd2 Ng5 13.Nxg5 Bxg5 14.Nc2 Kh8 15.d4 cxd4 16.cxd4
exd4 17.f4 Bh4 18.Rf1 f5 19.Bd5 fxe4 20.Bxe4 d5 21.Bd3 Qe8 22.b4 Bf6 23.Ne1
Ne7 24.g4 g6 25.Nf3 Bd7 26.b5 h5 27.Ne5 Bxe5 28.fxe5 Rxf1+ 29.Qxf1 Ng8 30.Qf4
hxg4 31.Rf1 Qe6 32.Qg5 gxh3 33.Bxg6 Qg4+ 34.Qxg4 Bxg4 35.Rf7 Ne7 36.Rxe7 Bf3
37.Re8+ Rxe8 38.Bxe8 Kg7 39.Kh2 Bg4 40.a5 b6 41.axb6 axb6 42.Bf4 d3 43.Kg3 Be6
44.Kf2 d4 45.Ke1 Bf5 46.Kd2 Kf8 47.Bc6 Ke7 48.Bd5 Kd7 49.Bc4 {#r} 1-0

[Event "9th Rheinland-Pfalz Open 2017"]
[Site "Lambsheim GER"]
[Date "2017.06.17"]
[Round "5.4"]
[White "Dorst,J"]
[Black "Trifan,Andrei Ioan"]
[Result "0-1"]
[WhiteElo "2184"]
[BlackElo "2176"]

1.e4 e5 2.Nf3 Nc6 3.Bb5 a6 4.Bxc6 dxc6 5.O-O Bg4 6.h3 h5 7.d3 Qf6 8.Nbd2 Ne7
9.Re1 Ng6 10.d4 Nf4 11.dxe5 Qg6 12.Nh4 Bxd1 13.Nxg6 Nxg6 14.Rxd1 O-O-O 15.e6
fxe6 16.Re1 Ne5 17.Nb3 Nc4 18.Bg5 Rd7 19.Rab1 Bd6 20.Red1 Rf8 21.Nd2 Ne5
22.Be3 Rdf7 23.Re1 Bb4 24.Rbd1 Bxd2 25.Bxd2 Rxf2 26.Bc3 Ng6 27.Bxg7 R8f7
28.Bc3 Rxc2 29.Rd2 Rxd2 30.Bxd2 Nf4 31.Bxf4 Rxf4 32.g3 Rf7 33.e5 Rd7 34.Re4 c5
35.Kf2 Rd2+ 36.Ke3 Rg2 37.Kf4 Rxb2 38.Kg5 b5 39.Kxh5 c4 40.g4 c3 41.Re1 Rxa2
42.Rg1 Rd2 43.g5 c2 44.g6 Rd1 45.Rg4 c1=Q 46.g7 Rd8 {#R} 0-1

[Event "9th Rheinland-Pfalz Open 2017"]
[Site "Lambsheim GER"]
[Date "2017.06.17"]
[Round "5.5"]
[White "Barthel,A"]
[Black "Muckle,Julius"]
[Result "0-1"]
[WhiteElo "2145"]
[BlackElo "2340"]

1.e4 e6 2.d4 d5 3.Nc3 Nf6 4.e5 Nfd7 5.f4 c5 6.Nf3 Nc6 7.Be3 a6 8.Qd2 b5 9.dxc5
Bxc5 10.Bxc5 Nxc5 11.Nd4 Qb6 12.Nxc6 Qxc6 13.Qd4 O-O 14.Bd3 Bb7 15.O-O-O Qb6
16.Kb1 b4 17.Ne2 a5 18.f5 exf5 19.Bxf5 g6 20.Bg4 Qc7 21.Nf4 Rae8 22.Rhe1 Ne4
23.Nxd5 Bxd5 24.Qxd5 Rxe5 25.Qd4 Rfe8 26.Kc1 a4 27.Bf3 b3 28.axb3 axb3 29.c4
f5 30.Bxe4 fxe4 31.Re3 Rc5 32.Rc3 e3 33.Re1 e2 34.Qd2 Ra5 35.Rxb3 Ra1+ 36.Kc2
Qxc4+ 37.Rc3 Qe4+ {#R} 0-1

[Event "9th Rheinland-Pfalz Open 2017"]
[Site "Lambsheim GER"]
[Date "2017.06.17"]
[Round "5.9"]
[White "Syrov,Arkadi"]
[Black "Weber,Samuel"]
[Result "1-0"]
[WhiteElo "2238"]
[BlackElo "2121"]

1.e4 e5 2.Nf3 Nc6 3.Bb5 a6 4.Ba4 Nf6 5.d3 d6 6.c3 g6 7.Nbd2 Bg7 8.h3 O-O 9.g4
b5 10.Bc2 d5 11.Qe2 Bb7 12.Nf1 Qd6 13.Ng3 b4 14.Bd2 dxe4 15.dxe4 bxc3 16.bxc3
a5 17.Bd3 Nd7 18.O-O Nc5 19.Bc4 Ne6 20.Rfd1 Qe7 21.Qf1 a4 22.Bd5 Na5 23.Rab1
c6 24.Bxe6 fxe6 25.Bg5 Qc5 26.Nd2 Qxc3 27.Be7 Rf7 28.Bb4 Qc2 29.Rdc1 Qxa2
30.Ra1 Qb2 31.Bxa5 Rxa5 32.Nc4 Qb5 33.Rcb1 Qc5 34.Nxa5 Qxa5 35.Qc4 Qa7 36.Ra2
Bf8 37.Qxe6 Bc5 38.Kg2 Bd4 39.Rxa4 Ba6 40.Rxa6 Qxa6 41.Rb8+ Kg7 42.Nf5+ gxf5
43.g5 Rf8 44.Qh6+ Kf7 45.Qf6+ Kg8 46.Rxf8# 1-0

[Event "9th Rheinland-Pfalz Open 2017"]
[Site "Lambsheim GER"]
[Date "2017.06.17"]
[Round "5.13"]
[White "Neurohr,J"]
[Black "Kraemer,Enrico"]
[Result "0-1"]
[WhiteElo "2059"]
[BlackElo "2175"]

1.d4 Nf6 2.c4 g6 3.Nc3 Bg7 4.e4 d6 5.f4 c5 6.d5 O-O 7.Nf3 e6 8.Be2 exd5 9.cxd5
Nbd7 10.O-O Re8 11.Qc2 Qe7 12.Nd2 Nb6 13.Bf3 Ng4 14.Nb3 c4 15.Na5 Bd4+ 16.Kh1
Nxh2 {#R} 0-1

[Event "9th Rheinland-Pfalz Open 2017"]
[Site "Lambsheim GER"]
[Date "2017.06.17"]
[Round "6.2"]
[White "Dgebuadze,A"]
[Black "Goossens,H"]
[Result "1-0"]
[WhiteElo "2523"]
[BlackElo "2149"]

1.e4 c5 2.Nf3 d6 3.d4 cxd4 4.Qxd4 Nc6 5.Bb5 Bd7 6.Qd3 g6 7.c4 Bg7 8.Nc3 Nf6
9.O-O Ng4 10.Bf4 Nge5 11.Nxe5 Nxe5 12.Qe2 Rc8 13.Rac1 O-O 14.Bxd7 Qxd7 15.b3
f5 16.exf5 Qxf5 17.Be3 Nd3 18.Rcd1 Nf4 19.Bxf4 Bxc3 20.Bh6 Rf7 21.Rd5 Qf6
22.Bg5 Qg7 23.Qe6 Rd8 24.c5 Be5 25.Bxe7 Ra8 26.cxd6 Bf6 27.Rc1 h5 28.g3 b6
29.Bxf6 Qxf6 30.Qxf6 Rxf6 31.d7 Rd8 32.Rc7 Rff8 33.h4 Kf7 34.Rd6 {#r} 1-0

[Event "9th Rheinland-Pfalz Open 2017"]
[Site "Lambsheim GER"]
[Date "2017.06.17"]
[Round "6.4"]
[White "Muckle,Julius"]
[Black "Lambert,An"]
[Result "1-0"]
[WhiteElo "2340"]
[BlackElo "2160"]

1.d4 Nf6 2.c4 e6 3.Nc3 Bb4 4.e3 O-O 5.Bd3 d5 6.Nf3 c6 7.O-O Nbd7 8.Qc2 Re8
9.b3 a6 10.Bb2 dxc4 11.bxc4 c5 12.Rfd1 cxd4 13.exd4 Qa5 14.a3 Bf8 15.Re1 g6
16.Nd2 Qc7 17.Nce4 b6 18.d5 Bg7 19.dxe6 Rxe6 20.Nf3 Nxe4 21.Bxe4 Bb7 22.Bxb7
Rxe1+ 23.Rxe1 Qxb7 24.Bxg7 Kxg7 25.Re7 Kf8 26.Qe2 h6 27.Nd4 Rd8 28.Ne6+ {#r}
1-0

[Event "9th Rheinland-Pfalz Open 2017"]
[Site "Lambsheim GER"]
[Date "2017.06.17"]
[Round "6.6"]
[White "Wenner,T"]
[Black "Kraemer,Enrico"]
[Result "1-0"]
[WhiteElo "2095"]
[BlackElo "2175"]

1.Nf3 Nf6 2.c4 g6 3.b3 Bg7 4.Bb2 O-O 5.g3 c6 6.Bg2 d5 7.O-O Bg4 8.d3 Bxf3
9.Bxf3 Re8 10.Na3 Nbd7 11.cxd5 cxd5 12.Qd2 e5 13.Bg2 a6 14.Rac1 Bf8 15.Nb1 Qb6
16.e3 Rac8 17.Ba3 Bxa3 18.Nxa3 Qd6 19.Rxc8 Rxc8 20.Rc1 Rc6 21.Rxc6 bxc6 22.Qa5
c5 23.h3 Kg7 24.Bf1 h5 25.d4 exd4 26.exd4 cxd4 27.Qxa6 Qc5 28.Nb5 d3 29.Bxd3
Ne5 30.Be2 Ne4 31.Qa7 Qb4 32.Qe3 f6 33.a4 Qe1+ 34.Kg2 Nd2 35.Nd4 g5 36.Bxh5
Qf1+ 37.Kh2 g4 38.Bxg4 Nxg4+ 39.hxg4 Ne4 40.Qe2 Qa1 41.Nf5+ Kg6 42.Qe3 {#r}
1-0

[Event "9th Rheinland-Pfalz Open 2017"]
[Site "Lambsheim GER"]
[Date "2017.06.17"]
[Round "6.7"]
[White "Karsay,Pascal"]
[Black "Heider,M"]
[Result "0-1"]
[WhiteElo "2141"]
[BlackElo "2360"]

1.e4 c6 2.d4 d5 3.exd5 cxd5 4.c4 Nf6 5.Nc3 Nc6 6.Bg5 Be6 7.c5 g6 8.Bb5 Bg7
9.Nf3 O-O 10.O-O Ne4 11.Be3 Bg4 12.Bxc6 bxc6 13.h3 Bxf3 14.Qxf3 f5 15.Rad1 Rb8
16.Qe2 e5 17.Nxe4 fxe4 18.Qd2 Rf5 19.b4 Qh4 20.Kh2 Rbf8 21.g3 Qe7 22.Kg2 Rf3
23.b5 exd4 24.Bxd4 Bxd4 25.Qxd4 Qf7 26.Rd2 e3 27.Rb2 cxb5 28.c6 Qe6 29.c7 Qe4
30.Qxe4 dxe4 31.Rc2 Rxf2+ 32.Rfxf2 exf2 33.Kf1 e3 34.Rc1 Rc8 35.Ke2 Kf8
36.Kxe3 Rxc7 37.Rf1 Rc2 {#R} 0-1